Manual de processo administrativo disciplinar / (Record no. 443)

MARC details
000 -LÍDER
Campo Fixo de Controle 01292nam a2200265 a 4500
001 - NÚMERO DE CONTROLE
Campo de Controle 443
003 - IDENTIFICAÇÃO DO NÚMERO DE CONTROLE
Campo de Controle BR-CuiBMT
005 - DATA E HORA DA ÚLTIMA ATUALIZAÇÃO
Campo de Controle 20231106224851.0
008 - DADOS FIXOS
Dados Fixos 231106s2019 mgba 000 0 eng d
020 ## - INTERNATIONAL STANDARD BOOK NUMBER
Nº do ISBN 9788545005889
040 ## - AGÊNCIA CATALOGADORA
Código da Agência Catalogadora BR-CuiBMT
Agência que transcreveu o registro BR-CuiBMT
080 ## - Nº DA CLASSIFICAÇÃO DECIMAL UNIVERSAL
Nº edição CDU 2007
Nº Class. CDU 35.077.3
090 ## - NÚMERO DE CHAMADA
Nº classificação 35.077.3
Cutter D417m
Ano/Edição 2. ed.
100 1# - ENTRADA PRINCIPAL -- AUTOR PESSOAL
Nome pessoal Denys, Débora Vasti S. Bomfim
245 10 - TÍTULO PRINCIPAL
Título principal Manual de processo administrativo disciplinar /
Indicação de responsabilidade Debora Vasti da Silva do Bomfim Denys ; prefácio, Roberto Coutinho ; apresentação, Isabella Maria de Lemos.
250 ## - EDIÇÃO
Edição 2. ed., rev., atual. e mod.
260 ## - PUBLICAÇÃO, DISTRIBUIÇÃO, ETC.
Local de publicação Belo Horizonte :
Editora Fórum,
Data 2019.
300 ## - DESCRIÇÃO FÍSICA
N. páginas ou volumes 670 p. :
Ilustrações il. ;
Dimensões 24 cm
500 ## - NOTAS GERAIS
Notas gerais Revisado, atualizado e ampliado, de acordo com a Lei de Acesso à Informação - Lei nº 12.527 de 18.11.2011 e Decreto nº 7.724, de 16.05.2012, Jurisprudências do Supremo Tribunal Federal e do Superior Tribunal de Justiça, Novo CPC, Lei Anticorrupção e Instruções Normativas nº 04/2009 (TCA) e 02/2017 (TAC), enunciados e Portarias do Ministério da Transparência e Controladoria-Geral da União.
504 ## - NOTA DE BIBLIOGRAFIA, ETC.
Nota de bibliografia Inclui bibliografia.
650 ## - ASSUNTO TÓPICO
Cabeçalho tópico ou nome geográfico Processo administrativo
Subdivisão geográfica Brasil
650 ## - ASSUNTO TÓPICO
Cabeçalho tópico ou nome geográfico Processo disciplinar
Subdivisão geográfica Brasil
650 ## - ASSUNTO TÓPICO
Cabeçalho tópico ou nome geográfico Direito administrativo
Subdivisão geográfica Brasil
942 ## - ELEMENTOS DE ENTRADA ADICIONAIS (KOHA)
Fonte de classificação ou esquema de arquivamento Classificação Decimal Universal
Tipo de item do Koha Livros
Holdings
Estado: removido Estado: perdido Fonte de classificação ou esquema de arquivamento Estado: danificado Indisponível para empréstimo Localização permanente Localização atual Data de aquisição Total Checkouts Número de Chamada completo Código de barras Date last seen Número do exemplar Preço efetivo a partir de Tipo de item (Koha)
    Classificação Decimal Universal     Biblioteca da Escola Superior de Contas do TCE/MT Biblioteca da Escola Superior de Contas do TCE/MT 06/11/2023   35.077.3 D417m 2. ed. BIBTCEMT23110185 06/11/2023 Ex. 1 06/11/2023 Livros
    Classificação Decimal Universal     Biblioteca da Escola Superior de Contas do TCE/MT Biblioteca da Escola Superior de Contas do TCE/MT 06/11/2023   35.077.3 D417m 2. ed. BIBTCEMT23110191 06/11/2023 Ex. 2 06/11/2023 Livros

Powered by Koha